| 000 | 00497nam a22001577a 4500 | ||
|---|---|---|---|
| 003 | NUST | ||
| 038 | _aNusrat Nadeem | ||
| 082 | _a200 | ||
| 100 |
_aRauf, Saeeda _9134097 |
||
| 245 |
_aInnovative Framework for IoT Malware Detection and Classification/ _cSaeeda Rauf, |
||
| 264 |
_aIslamabad: _bSEECS NUST, _c2026 |
||
| 650 |
_aMS-Information Security _927215 |
||
| 700 |
_aSupervisor: Dr. Sana Qadir _996818 |
||
| 856 | _u http://10.250.8.41:8080/xmlui/handle/123456789/57487 | ||
| 942 |
_2ddc _cSC |
||
| 999 |
_c617030 _d617030 |
||